000 00277nam a22001217a 4500
008 170829b xxu||||| |||| 00| 0 eng d
041 _aeng
080 _a070
100 _a39
101 _aMED
245 _aGENDER RACE AND CLASS IN MEDIA
_cHUMEZ.J.M
942 _2udc
_cBK
999 _c25367
_d25367